00465 2200169 4500245008100000020001800081250001100099100001800110700002000128650002500148005001900173260004400192041001400236084000800250300002800258336000900286 aHukum - Hukum Kesuksesan b : Kemampuan Menguasai DiricNapoleon HillhText a979-3358-31-9 aCet. 1 aNapoleon Hill aSulitno Harahap aPsikologi Fisiologis a20230217134315 aJakartabIntimedia Ciptanusantarac2013 aIndonesia a152 aviii, 69 hlm. :c21 cm. atext